| 000 | 00527nam a2200145Ia 4500 | ||
|---|---|---|---|
| 008 | 250506s9999 xx 000 0 und d | ||
| 024 | _a04B-11-BS & 04B-21- BS | ||
| 082 | _a621.3892072 DAN | ||
| 100 | _aDaniyal Raza Jaffery & Amir Saleem | ||
| 245 | 0 | _aFace Recognition Through IP Camera | |
| 260 |
_aKarachi: _bUIT, _c2004 |
||
| 600 | _aComputer Science | ||
| 650 | _aBachelor of Computer Science (BS) | ||
| 856 |
_uhttps://drive.google.com/file/d/1M5vdHDrmVIjiJ-eLU1rRXJrJ-sqLnPwP/view?usp=share_link _yClick here for PDF |
||
| 999 |
_c27470 _d27470 |
||